00846cam a2200265 a 450000100090000000300040000900500170001300800410003001000170007102000150008803500210010304000130012404200100013704300120014708200170015910000190017624500990019526000730029430000200036749000390038750000230042650400490044965000320049883000500053011991459OSt20230704091056.0991210s1998 ke b 000 0 eng  a 99893568  a9966996710 a(DLC) 99893568 aDLCcDLC alcode af-ke--- a338.967bKIM1 aKimuyu, Peter.10aConditionalities and market reforms :bwhat Kenya's fertilizer market reveals /cPeter Kimuyu. aNairobi, Kenya :bInstitute of Policy Analysis and Research,cc1998. a26 p. ;c26 cm.1 aOccasional paper ;vno. OP/03/1998 a"September, 1998." aIncludes bibliographical references (p. 26). 0aFertilizer industryzKenya. 0aIPAR occasional paper series ;vno. OP/98/03.